| 000 | 004220000a22001690004500 | ||
|---|---|---|---|
| 999 |
_c48846 _d48846 |
||
| 001 | 1688 | ||
| 003 | CO-MdFUSB | ||
| 005 | 20170928144724.0 | ||
| 008 | 170928b xxu||||| |||| 00| 0 eng d | ||
| 020 | _a1-931952-43-4 | ||
| 040 | _cCO-MdBIC | ||
| 082 | 0 | 4 | _a868H H432p |
| 245 | 1 | 0 | _aPedro pescador de hombres / Sociedades Bíblicas Unidas |
| 260 | _aUSA : Sociedades Bíblicas Unidas | ||
| 300 | _a32 P. | ||
| 942 | _cLGB | ||